000 00817nas a2200289 4500
001 BR9201427
003 BR-BrBNA
005 20231205092412.0
007 ta
008 230509b bl.|||p| |||| 00| 00por d
040 _aBR-BrBNA
_bpor
_cBiblioteca Nacional de Agricultura
041 _a(Pt)
072 _aQ02
100 1 _aTeixeira, E.A.M.
100 1 _aMaia, G.A.
100 1 _aHolanda, L.F.F. de
100 1 _aGaspar Junior, J.C.
100 1 _aOliveira, G.S.F. de
100 1 _aSouza, M.L. de
245 1 _aMicrobiologia do coco ralado
650 _aCOCO
650 _aMICROBIOLOGIA DE ALIMENTO
650 _aPROCESSAMENTO
773 0 _tCiencia Agronomica (Brazil)
_xISSN 0045-6888
_g(Dec 1987), v. 18(2) p. 179-186
_wBR9201427
909 _a202311
_bLúcia
_c55
_dLúcia Elande
942 _2AGRIS
_n0
_cANA
999 _c131452
_d131452